000 01458cac a22002055a 4500
001 L141541
008 071129q1981 xxk eng u
035 _a(Sirsi) u141541
041 0 _aeng
245 0 1 _a[Collection of material related to surveyors' dining clubs]
_h[manuscript]
260 _cca. 1981
300 _a5 items
_c30 x 21 cm., or smaller
340 _aManuscript and photocopy
351 _cFonds
500 _aCollection consists of information related to surveyors' dining clubs, including dates of foundation and associated notes.
505 _aSurveyors' Club -- Select Society of Auctioneers -- Land Surveyors' Club -- Surveyors' Association -- Manchester Society of Land Agents and Surveyors -- 1894 Club -- 1924 Club -- 1954 Club -- Committee Club -- Chartered Surveyors' (1913) Club -- 1918 Club -- Chartered Surveyors' (1920) Club -- Chartered Surveyors' (1936) Club -- 1945 Club -- 1947 Club -- Bond Club -- CABBO -- Cambridge University Land Society -- City Luncheon Club -- Geometers -- Hermes Club -- B.Sc. (Estate Management) Club -- Nom. 1 Club -- Oil and Water Club -- Planning Surveyors' Club -- Resident Land Agents' Dining Club -- The Wilderness -- Three Legged Club -- Cornerstone Club -- Mensura Lodge -- Pyramus and Thisbe Club -- Lioness Club -- 1-2-4 Club -- City Agents' Club -- Twenty-five Club -- 100 Property Club
651 4 _aUnited Kingdom
_y
690 _aABOUT RICS-RELATED ORGANISATIONS
942 _n0
999 _c116731
_d116731